00321nam a2200133Ia 45000030006000000080041000060400015000471000038000622450032001002500010001322600016001425460012001580050017001700STCL150530s9999 xx 000 0 und d aSTCLcSTCL aBalakrishnan, R.; Ramabhadran, N. aText book of modern algebra aFirst bVikasc1979 aEnglish20220125165927.0